| 000 | 00551cam a22002291 4500 | ||
|---|---|---|---|
| 001 | sa 65002164 | ||
| 003 | DLC | ||
| 005 | 20260227112114.0 | ||
| 008 | 940930m19649999ii 000 0 beno | ||
| 010 | _asa 65002164 | ||
| 025 | _aPL480:I-B-1603 | ||
| 035 | _a(OCoLC)31205755 | ||
| 040 |
_aDLC _cCU _dCU _dDLC |
||
| 042 | _apremarc | ||
| 050 | 0 | 0 |
_aPN466 _b.S2 |
| 100 | 1 |
_aSanyal Diptendrakumar, _d1924- |
|
| 245 | 1 | 0 | _aBiṡvasāhityera sūcīpatra. |
| 260 | _c[1964-] | ||
| 300 |
_av. _c22 cm. |
||
| 500 | _aIn Bengali. | ||
| 650 | 0 | _aAuthors. | |
| 999 |
_c62486 _d62486 |
||